000 00261nam a22001217a 4500
008 170411b xxu||||| |||| 00| 0 eng d
041 _aeng
080 _a618
100 _a10
101 _aSHM
245 _aCLINICSIN PERINATOLOGY
_cBRANS.Y.W
942 _2udc
_cBK
999 _c10418
_d10418